000
00363nam a2200133Ia 4500
008
151001s9999||||xx |||||||||||||| ||und||
100
_a
अविनाश कांबळे
245
_a
मराठी गझल
250
_a
1
260
_b
निहार प्रकाशन पुणे
260
_c
1915
300
_a
240
365
_b
20
999
_c
971497
_d
971494